Introducción al análisis químico cualitativo : (Record no. 10467)

000 -CABECERA
fixed length control field 00854nam a22002177a 4500
003 - IDENTIFICADOR DEL NÚMERO DE CONTROL
control field AR-CdUCM
008 - DATOS DE LONGITUD FIJA--INFORMACIÓN GENERAL
fixed length control field 190401b ||||| |||| 00| 0 spa d
040 ## - FUENTE DE LA CATALOGACIÓN
Agencia/entidad que catalogó originalmente la obra MUNICIPALIDAD PROVINCIAL DEL CUSCO
Entidad que transcribió la catalogación BIBLIOTECA MUNICIPAL DEL CUSCO
082 ## - NÚMERO DE LA CLASIFICACIÓN DECIMAL DEWEY
No. de la edición 15ed.
No. de Clasificación 544 /
Notacion interna P35 / 1921
100 ## - ENTRADA PRINCIPAL--NOMBRE DE PERSONA
Nombre Personal Pechmann, H. V.
245 ## - MENCIÓN DE TÍTULO
Título Introducción al análisis químico cualitativo :
Resto del título según Volhard /
260 ## - PUBLICACIÓN, DISTRIBUCIÓN, ETC.
Lugar de publicación, distribución, etc. Madrid :
Nombre de la editorial, distribuidor, etc. Calpe,
Fecha de publicación, distribución, etc. 1921.
300 ## - DESCRIPCIÓN FÍSICA
Nº de Páginas Extensión 256 páginas ;
Otros detalles físicos figuras, tabla de los elementos químicos,
Dimensiones 17 cm.
440 ## - MENCIÓN DE SERIE/PUNTO DE ACCESO ADICIONAL--TÍTULO
Título Biblioteca de Química.
9 (RLIN) 27341
505 ## - NOTA DE CONTENIDO CON FORMATO
Nota de contenido formateada Contenido: Introducción al análisis químico cualitativo -- Marcha analítica para el análisis químico cualitativo.
650 ## - PUNTO DE ACCESO ADICIONAL DE MATERIA--TÉRMINO DE MATERIA
Descriptor Elementos químicos
9 (RLIN) 3282
700 ## - PUNTO DE ACCESO ADICIONAL--NOMBRE DE PERSONA
Nombre Personal García Banús, Antonio (traducción)
9 (RLIN) 27342
942 ## - ELEMENTOS DE PUNTO DE ACCESO ADICIONAL (KOHA)
Fuente de clasificación
Tipo de item Libros-BMC
945 ## - PROCESAMIENTO DE INFORMACIÓN LOCAL (OCLC)
Catalogador achl
Holdings
Estado de retiro (separado) Fuente de clasificación o esquema de estanterías Estado dañado Ubicación Sala donde se ubica Nombre de la colección Fecha de adquisición o compra Costo, precio normal en soles Signatura topográfica Código de Barras Última vez visto (Koha) Tipo de ítem (Koha)
No     Sala Cusco Antiguo Sala Cusco Antiguo Book Cart 2019-04-01 35.00 544 / P35 / 1921 SCA0000799 2019-04-01 Libros-BMC

Powered by Koha